| 000 | 00000nam 2200000zi 4500 |
| 001 | 9.900504 |
| 003 | CaOODSP |
| 005 | 20250307075311 |
| 006 | m o d f |
| 007 | cr mn||||||||| |
| 008 | 210607t20212021quc ob f000 0 fre d |
| 020 | |a9780660391533 |
| 040 | |aCaOODSP|bfre|erda|cCaOODSP |
| 043 | |an-cn-bc|an-us-wa|apn----- |
| 086 | 1 |aEn4-437/2021F-PDF |
| 245 | 00|aCoopération Canada - État-Unis pour la mer des Salish : |bplan d'action 2021-2024. |
| 264 | 1|a[Gatineau, Québec] : |bGouvernement du Canada = Government of Canada, |c[2021] |
| 264 | 4|c©2021 |
| 300 | |a1 ressource en ligne (9 pages) |
| 336 | |atexte|btxt|2rdacontent/fre |
| 337 | |ainformatique|bc|2rdamedia/fre |
| 338 | |aressource en ligne|bcr|2rdacarrier/fre |
| 500 | |aPublié aussi en anglais sous le titre : Canada - U.S. cooperation in the Salish Sea: 2021-24 action plan. |
| 500 | |a« EC21098 » -- Verso de la couverture. |
| 504 | |aComprend des références bibliographiques. |
| 650 | 6|aEnvironnement|xProtection|zSalish, Mer des (C.-B. et Wash.) |
| 650 | 6|aIndicateurs écologiques|zSalish, Mer des (C.-B. et Wash.) |
| 650 | 6|aÉcosystèmes marins|xSanté|zSalish, Mer des (C.-B. et Wash.) |
| 710 | 1 |aCanada. |bEnvironnement et changement climatique Canada, |eorganisme de publication. |
| 710 | 1 |aÉtats-Unis. |bEnvironmental Protection Agency, |eorganisme de publication. |
| 775 | 08|tCanada - U.S. cooperation in the Salish Sea : |w(CaOODSP)9.900503 |
| 794 | |tCoopération Canada - États-Unis pour la mer des Salish : |b(2025-2028)|w(CaOODSP)9.945887 |
| 795 | |tLes indicateurs sur la santé de la mer des Salish : |w(CaOODSP)9.900502 |
| 856 | 40|qPDF|s3.19 Mo|uhttps://publications.gc.ca/collections/collection_2021/eccc/En4-437-2021-fra.pdf |
| 986 | |aEC21098 |